000 01017nam a2200301 i 4500
003 EG-GICUC
005 20260225064259.0
008 260223s1921 -ukab||fr|||| 001 0 eng d
040 _aEG-GiCUC
_beng
_cEG-GiCUC
_dEG-GiCUC
_erda
041 0 _aeng
082 0 4 _221
_a341.71040
_bMA . E
092 0 4 _221
099 _aLaw1 11 341.71040 MA . E 1921
100 1 _aMarriott, J. R
_eAuthor.
245 0 0 _aEurope And Beyond :
_bA Preliminary Survey Of World. Politics In The Last Half-century 1870-1920 /
_cJ. R. Marriott.
264 1 _aLondon :
_bMethuen & Co,
_c1921.
300 _a335,8 pages :
_billustrations,
_c22 cm.
336 _2rda content
_atext
337 _2rda media
_aComputer
338 _2rda carrier
_aOnline Resource
500 _aWith Right Maps
504 _aIncludes bibliographical references and index.
546 _aText in English
650 1 4 _aPublic international law
856 4 0 _uhttps://fll.law.cu.edu.eg/fulltext/bks/B11-08437.pdf
905 _a48
942 _2ddc
_cBK
_e21
_n0
999 _c64065
_d64065